Vista normal Vista MARC

Entrada Meeting Name

Número de registros utilizados en: 1

001 - CONTROL NUMBER

  • control field: 38653

003 - CONTROL NUMBER IDENTIFIER

  • control field: OSt

005 - DATE AND TIME OF LATEST TRANSACTION

  • control field: 20210723101740.0

008 - FIXED-LENGTH DATA ELEMENTS

  • fixed length control field: 210723|| aca||aabn | a|a d

040 ## - CATALOGING SOURCE

  • Original cataloging agency: OSt
  • Transcribing agency: OSt

111 ## - HEADING--MEETING NAME

  • Meeting name or jurisdiction name as entry element: Convención Bancaria y de Instituciones Financieras
  • Number of part/section/meeting: (20 :
  • Date of meeting or treaty signing: 1982 Oct. 28-29 :
  • Location of meeting: Cartagena)

670 ## - SOURCE DATA FOUND

  • Source citation: Work cat.: (OSt)11960: Convención Bancaria y de Instituciones Financieras (20 : 1982 Oct. 28-29 : Cartagena), Hacia un nuevo orden financiero / , 1982.